[Event "Blitz 2018"]
[Site "Saint-Petersburg"]
[Date "2018.12.30"]
[Round "20"]
[Board "25"]
[White "Mikhalevski Victor (ISR)"]
[Black "Van Foreest Jorden (NED)"]
[Result "0-1"]
[LiveChessVersion "1.4.8"]
[BlackElo "2657"]
[WhiteElo "2521"]

1. d4 {[%clk 0:03:03]} d5 {[%clk 0:03:03]} 2. c4 {[%clk 0:03:03]} c6
{[%clk 0:03:04]} 3. cxd5 {[%clk 0:03:04]} cxd5 {[%clk 0:03:05]} 4. Bg5
{[%clk 0:03:05]} Nc6 {[%clk 0:02:57]} 5. Nc3 {[%clk 0:03:04]} f6 {[%clk 0:02:56]}
6. Bh4 {[%clk 0:03:00]} Nh6 {[%clk 0:02:57]} 7. e4 {[%clk 0:02:50]} dxe4
{[%clk 0:02:56]} 8. d5 {[%clk 0:02:51]} Nf5 {[%clk 0:02:43]} 9. dxc6
{[%clk 0:02:43]} Qxd1+ {[%clk 0:02:43]} 10. Rxd1 {[%clk 0:02:44]} Nxh4
{[%clk 0:02:44]} 11. Bb5 {[%clk 0:02:44]} Kf7 {[%clk 0:02:45]} 12. c7
{[%clk 0:02:33]} Nxg2+ {[%clk 0:02:18]} 13. Kf1 {[%clk 0:02:34]} Nf4
{[%clk 0:02:19]} 14. Rd8 {[%clk 0:02:31]} g5 {[%clk 0:01:48]} 15. Be8+
{[%clk 0:02:27]} Ke6 {[%clk 0:01:18]} 16. Nge2 {[%clk 0:01:55]} Bg7
{[%clk 0:01:09]} 17. Rg1 {[%clk 0:01:27]} Nxe2 {[%clk 0:00:41]} 18. Kxe2
{[%clk 0:01:27]} Ke5 {[%clk 0:00:40]} 19. h4 {[%clk 0:01:05]} Bh6
{[%clk 0:00:12]} 20. h5 {[%clk 0:00:39]} a6 21. Ke1 {[%clk 0:00:34]} g4
{[%clk 0:00:07]} 22. Na4 {[%clk 0:00:35]} b5 {[%clk 0:00:03]} 23. Nb6
{[%clk 0:00:34]} Ra7 {[%clk 0:00:05]} 24. Rxc8 {[%clk 0:00:32]} Kd6
{[%clk 0:00:03]} 25. Bf7 {[%clk 0:00:26]} Rxc7 {[%clk 0:00:04]} 26. Rxc7
{[%clk 0:00:20]} Kxc7 {[%clk 0:00:05]} 27. Nd5+ {[%clk 0:00:21]} Kd6
{[%clk 0:00:07]} 28. Ne3 {[%clk 0:00:22]} Bxe3 {[%clk 0:00:05]} 29. fxe3
{[%clk 0:00:23]} f5 {[%clk 0:00:07]} 30. Kf2 {[%clk 0:00:21]} e6 {[%clk 0:00:08]}
31. h6 {[%clk 0:00:18]} Rf8 {[%clk 0:00:09]} 32. Bh5 Rf6 33. Rd1+
{[%clk 0:00:18]} Ke5 {[%clk 0:00:12]} 34. Kg2 {[%clk 0:00:16]} Rxh6
{[%clk 0:00:13]} 35. Be8 {[%clk 0:00:17]} Rh3 {[%clk 0:00:14]} 36. Re1
{[%clk 0:00:19]} h5 {[%clk 0:00:15]} 37. b4 {[%clk 0:00:17]} h4 {[%clk 0:00:16]}
38. Bc6 {[%clk 0:00:18]} Rg3+ {[%clk 0:00:17]} 39. Kf2 {[%clk 0:00:19]} Rf3+
{[%clk 0:00:18]} 40. Ke2 {[%clk 0:00:19]} h3 {[%clk 0:00:19]} 41. Rh1
{[%clk 0:00:20]} f4 {[%clk 0:00:19]} 42. exf4+ {[%clk 0:00:18]} Kxf4
{[%clk 0:00:20]} 43. Bd7 {[%clk 0:00:18]} Ra3 {[%clk 0:00:20]} 44. Bxe6
{[%clk 0:00:18]} Rg3 {[%clk 0:00:16]} 45. Kd2 {[%clk 0:00:11]} Rg2+
{[%clk 0:00:17]} 46. Kc3 {[%clk 0:00:13]} h2 {[%clk 0:00:18]} 47. Bd5
{[%clk 0:00:07]} g3 {[%clk 0:00:19]} 48. Rf1+ {[%clk 0:00:04]} Rf2
{[%clk 0:00:19]} 49. Re1 {[%clk 0:00:00]} g2 {[%clk 0:00:19]} 50. Rxe4+
{[%clk 0:00:00]} Kf5 {[%clk 0:00:19]} 51. Re1 {[%clk 0:00:00]} g1=Q
{[%clk 0:00:19]} 52. Kd4 Ke5+ 0-1

[Event "Blitz 2018"]
[Site "Saint-Petersburg"]
[Date "2018.12.30"]
[Round "20"]
[Board "26"]
[White "Tsydypov Zhamsaran (RUS)"]
[Black "Bosiocic Marin (CRO)"]
[Result "1-0"]
[LiveChessVersion "1.4.8"]
[BlackElo "2653"]
[WhiteElo "2573"]

1. e4 {[%clk 0:03:02]} d6 {[%clk 0:03:04]} 2. d4 Nf6 {[%clk 0:03:07]} 3. Nc3
{[%clk 0:03:04]} g6 {[%clk 0:03:07]} 4. Be3 {[%clk 0:03:01]} c6 {[%clk 0:03:08]}
5. f3 {[%clk 0:02:59]} Nbd7 {[%clk 0:03:09]} 6. Qd2 {[%clk 0:03:00]} b5
{[%clk 0:03:11]} 7. Bd3 {[%clk 0:02:56]} Nb6 {[%clk 0:03:09]} 8. a4
{[%clk 0:02:54]} b4 {[%clk 0:03:10]} 9. Nd1 {[%clk 0:02:53]} a5 {[%clk 0:03:09]}
10. c3 {[%clk 0:02:54]} bxc3 {[%clk 0:03:10]} 11. bxc3 {[%clk 0:02:39]} Be6
{[%clk 0:03:11]} 12. Nb2 {[%clk 0:02:40]} Bg7 {[%clk 0:02:57]} 13. Ne2
{[%clk 0:02:41]} O-O {[%clk 0:02:56]} 14. O-O {[%clk 0:02:34]} c5
{[%clk 0:02:39]} 15. dxc5 {[%clk 0:02:17]} dxc5 {[%clk 0:02:40]} 16. Bxc5
{[%clk 0:02:17]} Nc4 {[%clk 0:02:20]} 17. Nxc4 {[%clk 0:02:16]} Bxc4
{[%clk 0:02:20]} 18. Rfd1 {[%clk 0:01:39]} Qc7 {[%clk 0:02:22]} 19. Qe3
{[%clk 0:01:38]} Rac8 {[%clk 0:02:13]} 20. Bb6 {[%clk 0:01:33]} Qc6
{[%clk 0:02:11]} 21. Bxc4 {[%clk 0:01:21]} Qxc4 {[%clk 0:02:12]} 22. Bxa5
{[%clk 0:01:19]} Ra8 {[%clk 0:02:14]} 23. Bb4 {[%clk 0:01:18]} Rfc8
{[%clk 0:01:44]} 24. a5 {[%clk 0:01:11]} e5 {[%clk 0:01:45]} 25. Qd3
{[%clk 0:01:04]} Qc7 {[%clk 0:01:46]} 26. Kh1 {[%clk 0:00:58]} Qa7
{[%clk 0:01:32]} 27. a6 {[%clk 0:00:54]} h5 {[%clk 0:01:33]} 28. Qb5
{[%clk 0:00:35]} h4 {[%clk 0:01:28]} 29. Ng1 {[%clk 0:00:37]} Nh5
{[%clk 0:01:13]} 30. Nh3 {[%clk 0:00:34]} Qe3 {[%clk 0:00:50]} 31. Rd7
{[%clk 0:00:32]} Nf4 {[%clk 0:00:44]} 32. Nxf4 {[%clk 0:00:29]} Qxf4
{[%clk 0:00:46]} 33. h3 {[%clk 0:00:27]} Bh6 {[%clk 0:00:27]} 34. Qd5
{[%clk 0:00:28]} Re8 {[%clk 0:00:14]} 35. Bc5 {[%clk 0:00:26]} Bg5
{[%clk 0:00:09]} 36. Bg1 {[%clk 0:00:26]} Be7 {[%clk 0:00:06]} 37. Rxe7
{[%clk 0:00:26]} 1-0

[Event "Blitz 2018"]
[Site "Saint-Petersburg"]
[Date "2018.12.30"]
[Round "20"]
[Board "27"]
[White "Mamedov Rauf (AZE)"]
[Black "Khusnutdinov Rustam (KAZ)"]
[Result "1-0"]
[LiveChessVersion "1.4.8"]
[BlackElo "2582"]
[WhiteElo "2741"]

1. e4 {[%clk 0:03:03]} e6 {[%clk 0:03:03]} 2. d4 {[%clk 0:03:04]} d5
{[%clk 0:03:04]} 3. Nd2 {[%clk 0:03:04]} Nc6 {[%clk 0:03:04]} 4. Ngf3
{[%clk 0:03:05]} Nf6 {[%clk 0:03:05]} 5. e5 {[%clk 0:03:06]} Nd7 {[%clk 0:03:06]}
6. Nb3 {[%clk 0:02:58]} Be7 {[%clk 0:03:06]} 7. Bd3 {[%clk 0:02:54]} Nb4
{[%clk 0:03:02]} 8. Be2 {[%clk 0:02:55]} c5 {[%clk 0:03:04]} 9. c3 Nc6 10. O-O
{[%clk 0:02:56]} O-O {[%clk 0:03:06]} 11. Re1 {[%clk 0:02:57]} a5
{[%clk 0:02:41]} 12. Be3 {[%clk 0:02:54]} cxd4 {[%clk 0:02:37]} 13. cxd4
{[%clk 0:02:53]} a4 {[%clk 0:02:38]} 14. Nbd2 {[%clk 0:02:53]} a3
{[%clk 0:02:37]} 15. bxa3 {[%clk 0:02:50]} Rxa3 {[%clk 0:02:38]} 16. Nb3
{[%clk 0:02:49]} Nb6 {[%clk 0:02:35]} 17. Bd3 {[%clk 0:02:46]} Nb4
{[%clk 0:02:17]} 18. Bb1 {[%clk 0:02:44]} Bd7 {[%clk 0:02:14]} 19. Nc5
{[%clk 0:02:38]} Nc4 {[%clk 0:01:56]} 20. Bc1 {[%clk 0:02:38]} Ra7
{[%clk 0:01:57]} 21. h4 {[%clk 0:02:30]} Na3 {[%clk 0:01:35]} 22. Nxb7
{[%clk 0:01:37]} Qc7 {[%clk 0:01:11]} 23. Nc5 {[%clk 0:01:36]} Bxc5
{[%clk 0:01:00]} 24. Bxh7+ {[%clk 0:01:30]} Kh8 {[%clk 0:00:40]} 25. Ng5
{[%clk 0:01:14]} g6 {[%clk 0:00:42]} 26. Bxa3 {[%clk 0:00:55]} Rxa3
{[%clk 0:00:43]} 27. dxc5 {[%clk 0:00:56]} Qxc5 {[%clk 0:00:35]} 28. Rc1
{[%clk 0:00:57]} Qe7 {[%clk 0:00:31]} 29. Rc7 {[%clk 0:00:53]} Rxa2
{[%clk 0:00:27]} 30. Qf3 {[%clk 0:00:48]} Kg7 {[%clk 0:00:26]} 31. Rxd7
{[%clk 0:00:37]} Qxd7 {[%clk 0:00:25]} 32. Qf6+ {[%clk 0:00:38]} Kh6
{[%clk 0:00:26]} 33. Bxg6 {[%clk 0:00:38]} Rxf2 {[%clk 0:00:10]} 34. Bf5+
{[%clk 0:00:34]} Kh5 {[%clk 0:00:10]} 35. g4+ {[%clk 0:00:29]} Kxh4
{[%clk 0:00:12]} 36. Nf3+ {[%clk 0:00:28]} Kg3 {[%clk 0:00:09]} 37. Qh4+ Kf4 38.
Qh6+ {[%clk 0:00:08]} Kg3 {[%clk 0:00:11]} 39. Qh4+ Kf4 40. Qxf2 {[%clk 0:00:06]}
exf5 {[%clk 0:00:14]} 41. e6 {[%clk 0:00:06]} Qc7 {[%clk 0:00:10]} 42. Ne5+
{[%clk 0:00:06]} Kg5 {[%clk 0:00:11]} 43. Qxf5+ {[%clk 0:00:07]} Kh6
{[%clk 0:00:12]} 44. Qh5+ {[%clk 0:00:07]} Kg7 {[%clk 0:00:13]} 45. Qg5+
{[%clk 0:00:08]} Kh7 {[%clk 0:00:14]} 46. Re2 {[%clk 0:00:08]} Qc5+
{[%clk 0:00:12]} 47. Kf1 {[%clk 0:00:10]} Qb5 {[%clk 0:00:13]} 48. Qh5+
{[%clk 0:00:10]} Kg7 {[%clk 0:00:13]} 49. Qg5+ Kh7 50. e7 {[%clk 0:00:11]} Ra8
{[%clk 0:00:16]} 51. Qh5+ {[%clk 0:00:12]} Kg7 {[%clk 0:00:16]} 52. Qxf7+
{[%clk 0:00:14]} 1-0

[Event "Blitz 2018"]
[Site "Saint-Petersburg"]
[Date "2018.12.30"]
[Round "20"]
[Board "28"]
[White "Le Quang Liem (VIE)"]
[Black "Anton Guijarro David (ESP)"]
[Result "0-1"]
[LiveChessVersion "1.4.8"]
[BlackElo "2631"]
[WhiteElo "2749"]

1. c4 {[%clk 0:03:03]} f5 {[%clk 0:03:03]} 2. g3 {[%clk 0:03:03]} Nf6
{[%clk 0:03:03]} 3. Bg2 {[%clk 0:03:04]} g6 {[%clk 0:03:04]} 4. Nc3
{[%clk 0:03:05]} Bg7 {[%clk 0:03:05]} 5. d3 {[%clk 0:03:06]} d6 {[%clk 0:03:05]}
6. e4 {[%clk 0:03:06]} fxe4 {[%clk 0:03:00]} 7. dxe4 {[%clk 0:03:07]} O-O
{[%clk 0:03:00]} 8. Nge2 {[%clk 0:03:07]} c5 {[%clk 0:03:00]} 9. O-O
{[%clk 0:02:59]} Nc6 {[%clk 0:03:01]} 10. h3 {[%clk 0:02:58]} a6 {[%clk 0:03:00]}
11. Be3 {[%clk 0:02:55]} e5 {[%clk 0:02:51]} 12. Nd5 {[%clk 0:02:47]} Nd4
{[%clk 0:02:45]} 13. Nec3 {[%clk 0:02:42]} b5 {[%clk 0:02:42]} 14. Nxf6+
{[%clk 0:02:36]} Bxf6 {[%clk 0:02:42]} 15. cxb5 {[%clk 0:02:36]} axb5
{[%clk 0:02:38]} 16. Nxb5 {[%clk 0:02:26]} Nxb5 {[%clk 0:02:26]} 17. Qd5+
{[%clk 0:02:22]} Be6 {[%clk 0:02:07]} 18. Qxe6+ {[%clk 0:02:23]} Kg7
{[%clk 0:02:07]} 19. Qc4 {[%clk 0:02:20]} Nd4 {[%clk 0:02:06]} 20. a3
{[%clk 0:01:58]} h5 {[%clk 0:01:51]} 21. b4 {[%clk 0:01:52]} h4 {[%clk 0:01:25]}
22. bxc5 {[%clk 0:01:51]} Rc8 {[%clk 0:01:22]} 23. Bxd4 {[%clk 0:01:20]} exd4
{[%clk 0:01:23]} 24. c6 {[%clk 0:01:22]} hxg3 {[%clk 0:01:08]} 25. fxg3
{[%clk 0:01:23]} Be5 {[%clk 0:01:08]} 26. Rxf8 {[%clk 0:00:53]} Qxf8
{[%clk 0:01:09]} 27. Rb1 {[%clk 0:00:52]} Qf6 {[%clk 0:00:29]} 28. Rb7+
{[%clk 0:00:50]} Kh6 {[%clk 0:00:23]} 29. Qc1+ {[%clk 0:00:31]} g5
{[%clk 0:00:24]} 30. h4 {[%clk 0:00:33]} d3 {[%clk 0:00:25]} 31. Kh2
{[%clk 0:00:23]} Kg6 {[%clk 0:00:22]} 32. Qxg5+ {[%clk 0:00:09]} Qxg5
{[%clk 0:00:23]} 33. hxg5 {[%clk 0:00:10]} Rxc6 {[%clk 0:00:17]} 34. Bf3
{[%clk 0:00:11]} Rc3 {[%clk 0:00:11]} 35. a4 {[%clk 0:00:05]} d2 {[%clk 0:00:12]}
36. Bd1 {[%clk 0:00:04]} Rc1 {[%clk 0:00:07]} 37. Bg4 {[%clk 0:00:04]} d1=Q
{[%clk 0:00:07]} 38. Bxd1 {[%clk 0:00:04]} Rxd1 {[%clk 0:00:08]} 39. a5
{[%clk 0:00:06]} Ra1 {[%clk 0:00:09]} 40. Ra7 {[%clk 0:00:07]} Kxg5
{[%clk 0:00:09]} 41. a6 {[%clk 0:00:08]} Kg4 {[%clk 0:00:06]} 42. Kg2
{[%clk 0:00:09]} Ra2+ {[%clk 0:00:07]} 43. Kf1 {[%clk 0:00:09]} Kf3
{[%clk 0:00:07]} 44. Rf7+ {[%clk 0:00:09]} Kxe4 {[%clk 0:00:07]} 45. a7
{[%clk 0:00:08]} Bd4 {[%clk 0:00:07]} 46. Re7+ {[%clk 0:00:06]} Kd5
{[%clk 0:00:08]} 47. g4 {[%clk 0:00:06]} Rxa7 {[%clk 0:00:08]} 0-1

[Event "Blitz 2018"]
[Site "Saint-Petersburg"]
[Date "2018.12.30"]
[Round "20"]
[Board "29"]
[White "Bocharov Ivan (RUS)"]
[Black "Tomashevsky Evgeny (RUS)"]
[Result "1/2-1/2"]
[LiveChessVersion "1.4.8"]
[BlackElo "2602"]
[WhiteElo "2715"]

1. e4 {[%clk 0:03:04]} e5 {[%clk 0:03:03]} 2. Nf3 {[%clk 0:03:05]} Nc6
{[%clk 0:03:04]} 3. Bc4 {[%clk 0:03:07]} Bc5 {[%clk 0:03:05]} 4. d3
{[%clk 0:03:07]} Nf6 {[%clk 0:03:05]} 5. O-O {[%clk 0:03:08]} d6 {[%clk 0:03:06]}
6. c3 {[%clk 0:03:08]} a6 {[%clk 0:03:06]} 7. a4 {[%clk 0:03:08]} O-O
{[%clk 0:03:04]} 8. Re1 {[%clk 0:03:01]} Ba7 {[%clk 0:03:02]} 9. h3
{[%clk 0:03:02]} Ne7 {[%clk 0:03:00]} 10. Nbd2 {[%clk 0:02:52]} Ng6
{[%clk 0:02:58]} 11. Nf1 {[%clk 0:02:53]} c6 {[%clk 0:02:45]} 12. Bb3
{[%clk 0:02:54]} h6 {[%clk 0:02:08]} 13. Ng3 {[%clk 0:02:51]} d5 {[%clk 0:02:04]}
14. exd5 {[%clk 0:02:44]} Nxd5 {[%clk 0:02:05]} 15. d4 {[%clk 0:02:24]} exd4
{[%clk 0:02:02]} 16. Nxd4 {[%clk 0:02:26]} Re8 {[%clk 0:01:55]} 17. Rxe8+
{[%clk 0:02:20]} Qxe8 {[%clk 0:01:56]} 18. Bxd5 {[%clk 0:02:21]} cxd5
{[%clk 0:01:57]} 19. Be3 {[%clk 0:02:22]} Bb8 {[%clk 0:01:53]} 20. Ndf5
{[%clk 0:02:20]} Bxf5 {[%clk 0:01:32]} 21. Nxf5 {[%clk 0:02:21]} Qe5
{[%clk 0:01:33]} 22. Ng3 {[%clk 0:02:21]} Bc7 {[%clk 0:01:30]} 23. Bd4
{[%clk 0:02:21]} Qg5 {[%clk 0:01:29]} 24. Be3 {[%clk 0:02:10]} Qe5
{[%clk 0:01:24]} 25. Qg4 {[%clk 0:02:07]} Re8 {[%clk 0:01:16]} 26. Rd1
{[%clk 0:02:08]} Kh7 {[%clk 0:00:50]} 27. Qd7 {[%clk 0:02:01]} Qe7
{[%clk 0:00:30]} 28. Qxe7 {[%clk 0:01:55]} Nxe7 {[%clk 0:00:30]} 29. Bc5
{[%clk 0:01:47]} Ng6 {[%clk 0:00:31]} 30. Kf1 {[%clk 0:01:43]} Bxg3
{[%clk 0:00:13]} 31. fxg3 {[%clk 0:01:44]} Re5 {[%clk 0:00:14]} 32. g4
{[%clk 0:01:40]} h5 {[%clk 0:00:11]} 33. Bd6 {[%clk 0:01:28]} Re6
{[%clk 0:00:12]} 34. gxh5 {[%clk 0:01:25]} Rxd6 {[%clk 0:00:13]} 35. hxg6+
{[%clk 0:01:26]} Kxg6 {[%clk 0:00:13]} 36. Ke2 {[%clk 0:01:22]} Kf5
{[%clk 0:00:12]} 37. Kd3 {[%clk 0:01:22]} Rg6 {[%clk 0:00:10]} 38. Rf1+
{[%clk 0:01:14]} Ke6 {[%clk 0:00:11]} 39. g4 {[%clk 0:01:10]} Rh6
{[%clk 0:00:11]} 40. Rf3 {[%clk 0:01:11]} f6 {[%clk 0:00:10]} 41. Kd4
{[%clk 0:01:12]} Kd6 {[%clk 0:00:11]} 42. a5 {[%clk 0:01:06]} Rh8
{[%clk 0:00:12]} 43. Re3 {[%clk 0:00:41]} Rc8 {[%clk 0:00:13]} 44. b3
{[%clk 0:00:42]} Rh8 {[%clk 0:00:07]} 45. c4 {[%clk 0:00:33]} dxc4
{[%clk 0:00:07]} 46. Kxc4 {[%clk 0:00:28]} Rc8+ {[%clk 0:00:06]} 47. Kd4
{[%clk 0:00:25]} Rc1 {[%clk 0:00:04]} 48. Re8 {[%clk 0:00:20]} Rh1
{[%clk 0:00:04]} 49. Rh8 {[%clk 0:00:19]} Rd1+ {[%clk 0:00:04]} 50. Kc4
{[%clk 0:00:20]} Rc1+ {[%clk 0:00:05]} 51. Kd4 {[%clk 0:00:21]} Rd1+ 52. Kc4 Rc1+
53. Kd4 Rd1+ {[%clk 0:00:08]} 54. Kc4 {[%clk 0:00:26]} 1/2-1/2

[Event "Blitz 2018"]
[Site "Saint-Petersburg"]
[Date "2018.12.30"]
[Round "20"]
[Board "30"]
[White "Potkin Vladimir (RUS)"]
[Black "Melkumyan Hrant (ARM)"]
[Result "0-1"]
[LiveChessVersion "1.4.8"]
[BlackElo "2699"]
[WhiteElo "2494"]

1. Nf3 {[%clk 0:01:21]} c5 {[%clk 0:03:02]} 2. c4 {[%clk 0:01:22]} g6
{[%clk 0:03:03]} 3. d4 {[%clk 0:01:23]} cxd4 {[%clk 0:03:03]} 4. Nxd4
{[%clk 0:01:24]} Nc6 {[%clk 0:03:04]} 5. e4 {[%clk 0:01:24]} Nf6 {[%clk 0:03:05]}
6. Nc3 {[%clk 0:01:25]} d6 {[%clk 0:03:06]} 7. Be2 {[%clk 0:01:25]} Nxd4
{[%clk 0:03:07]} 8. Qxd4 {[%clk 0:01:26]} Bg7 {[%clk 0:03:08]} 9. Be3
{[%clk 0:01:26]} O-O {[%clk 0:03:09]} 10. Qd2 {[%clk 0:01:27]} a5
{[%clk 0:03:10]} 11. f3 {[%clk 0:01:27]} a4 {[%clk 0:03:11]} 12. Kf2
{[%clk 0:01:27]} Qa5 {[%clk 0:03:01]} 13. Rac1 {[%clk 0:01:14]} Bd7
{[%clk 0:02:35]} 14. c5 {[%clk 0:01:04]} Bc6 {[%clk 0:02:14]} 15. cxd6
{[%clk 0:01:03]} Rfd8 {[%clk 0:02:15]} 16. Nd5 {[%clk 0:00:45]} Nxd5
{[%clk 0:01:52]} 17. exd5 {[%clk 0:00:36]} Qxd2 {[%clk 0:01:20]} 18. Bxd2
{[%clk 0:00:37]} Bxd5 {[%clk 0:01:21]} 19. dxe7 {[%clk 0:00:38]} Re8
{[%clk 0:01:22]} 20. Bb4 {[%clk 0:00:38]} Bxb2 {[%clk 0:01:18]} 21. Rc2
{[%clk 0:00:32]} Bd4+ {[%clk 0:01:18]} 22. Kg3 {[%clk 0:00:32]} Bc6
{[%clk 0:01:18]} 23. Rd1 {[%clk 0:00:33]} Bf6 {[%clk 0:01:16]} 24. Bc4
{[%clk 0:00:14]} Bxe7 {[%clk 0:01:15]} 25. Bxe7 {[%clk 0:00:15]} Rxe7 26. Kf2
{[%clk 0:00:10]} a3 {[%clk 0:01:17]} 27. Rc3 {[%clk 0:00:10]} Re5
{[%clk 0:01:08]} 28. Rdd3 {[%clk 0:00:11]} Rea5 {[%clk 0:01:10]} 29. Bb3
{[%clk 0:00:11]} Kg7 {[%clk 0:01:11]} 30. g4 {[%clk 0:00:12]} h5 {[%clk 0:01:11]}
31. h3 {[%clk 0:00:13]} Rh8 {[%clk 0:01:09]} 32. Kg3 {[%clk 0:00:14]} h4+
{[%clk 0:01:07]} 33. Kf2 {[%clk 0:00:15]} Re8 {[%clk 0:01:06]} 34. Re3
{[%clk 0:00:13]} Rxe3 {[%clk 0:01:03]} 35. Kxe3 {[%clk 0:00:14]} Re5+
{[%clk 0:01:03]} 36. Kf2 {[%clk 0:00:15]} Rb5 {[%clk 0:01:03]} 37. f4
{[%clk 0:00:13]} f6 {[%clk 0:01:03]} 38. Re3 {[%clk 0:00:13]} g5 {[%clk 0:01:03]}
39. Re7+ {[%clk 0:00:13]} Kf8 {[%clk 0:01:04]} 40. Re6 {[%clk 0:00:06]} gxf4
{[%clk 0:00:32]} 41. Rxf6+ {[%clk 0:00:07]} Kg7 {[%clk 0:00:30]} 42. Rf7+
{[%clk 0:00:08]} Kg6 {[%clk 0:00:31]} 43. Rf8 {[%clk 0:00:09]} Rc5
{[%clk 0:00:22]} 44. Rxf4 {[%clk 0:00:07]} Rc3 {[%clk 0:00:23]} 45. Rb4
{[%clk 0:00:04]} Rxh3 {[%clk 0:00:23]} 46. Be6 {[%clk 0:00:03]} Rf3+
{[%clk 0:00:23]} 47. Kg1 {[%clk 0:00:04]} Kf6 {[%clk 0:00:20]} 48. Bc8
{[%clk 0:00:04]} Rg3+ {[%clk 0:00:21]} 49. Kh2 {[%clk 0:00:03]} Rg2+
{[%clk 0:00:21]} 50. Kh3 {[%clk 0:00:05]} Rxa2 {[%clk 0:00:22]} 51. Bxb7
{[%clk 0:00:05]} Bd7 {[%clk 0:00:04]} 52. Rb3 {[%clk 0:00:04]} Rb2
{[%clk 0:00:05]} 53. Rf3+ {[%clk 0:00:04]} Ke5 {[%clk 0:00:05]} 54. Rxa3
{[%clk 0:00:04]} Rxb7 {[%clk 0:00:06]} 55. Kxh4 {[%clk 0:00:05]} Kf4
{[%clk 0:00:05]} 56. Ra1 {[%clk 0:00:04]} Bc6 {[%clk 0:00:06]} 57. Rf1+
{[%clk 0:00:05]} Bf3 {[%clk 0:00:07]} 58. Kh5 {[%clk 0:00:05]} Rb6
{[%clk 0:00:07]} 59. Rf2 {[%clk 0:00:03]} Rb1 {[%clk 0:00:05]} 60. Kg6
{[%clk 0:00:03]} Rb6+ {[%clk 0:00:03]} 61. Kf7 {[%clk 0:00:04]} Rb5
{[%clk 0:00:04]} 62. g5 {[%clk 0:00:04]} Rxg5 {[%clk 0:00:05]} 63. Rf1
{[%clk 0:00:04]} Rg3 {[%clk 0:00:05]} 64. Kf6 {[%clk 0:00:05]} Rh3
{[%clk 0:00:06]} 65. Ke6 {[%clk 0:00:05]} Rh6+ {[%clk 0:00:07]} 66. Ke7
{[%clk 0:00:05]} Ke4 {[%clk 0:00:08]} 67. Kf7 {[%clk 0:00:05]} Bg4
{[%clk 0:00:09]} 68. Ke7 {[%clk 0:00:06]} Bf5 {[%clk 0:00:09]} 69. Re1+
{[%clk 0:00:05]} Kd5 {[%clk 0:00:09]} 70. Kf7 {[%clk 0:00:05]} Be4
{[%clk 0:00:10]} 71. Ke7 {[%clk 0:00:04]} Ke5 {[%clk 0:00:11]} 72. Ke8
{[%clk 0:00:05]} Rh7 {[%clk 0:00:11]} 73. Re2 {[%clk 0:00:04]} Ra7
{[%clk 0:00:12]} 74. Re1 {[%clk 0:00:05]} Kf5 {[%clk 0:00:13]} 75. Kf8
{[%clk 0:00:06]} Bd5 {[%clk 0:00:04]} 76. Ke8 {[%clk 0:00:05]} Be4
{[%clk 0:00:04]} 77. Kf8 {[%clk 0:00:06]} Rb7 {[%clk 0:00:03]} 78. Ke8
{[%clk 0:00:07]} Ke5 {[%clk 0:00:04]} 79. Re2 {[%clk 0:00:08]} Rb4
{[%clk 0:00:05]} 80. Ke7 {[%clk 0:00:08]} Rb7+ {[%clk 0:00:07]} 81. Ke8
{[%clk 0:00:09]} Kd5 {[%clk 0:00:08]} 82. Kd8 {[%clk 0:00:10]} Kd6
{[%clk 0:00:08]} 83. Kc8 {[%clk 0:00:07]} Rb4 {[%clk 0:00:06]} 84. Rd2+
{[%clk 0:00:06]} Bd5 {[%clk 0:00:07]} 85. Rd1 {[%clk 0:00:06]} Ra4
{[%clk 0:00:07]} 86. Rb1 {[%clk 0:00:05]} Ra8+ {[%clk 0:00:06]} 87. Rb8
{[%clk 0:00:06]} Ra7 {[%clk 0:00:08]} 88. Rb1 {[%clk 0:00:05]} Ra6
{[%clk 0:00:04]} 89. Rb2 {[%clk 0:00:05]} Ra7 {[%clk 0:00:04]} 90. Rb1
{[%clk 0:00:06]} Rh7 {[%clk 0:00:05]} 91. Kb8 {[%clk 0:00:03]} Rh8+
{[%clk 0:00:06]} 92. Ka7 {[%clk 0:00:04]} Ra8+ {[%clk 0:00:07]} 0-1